Economía feminista : (Registro nro. 4386)

Detalles MARC
000 -LEADER
fixed length control field 01334nam a2200277Ia 4500
005 - DATE AND TIME OF LATEST TRANSACTION
control field 20200430112807.0
008 - FIXED-LENGTH DATA ELEMENTS--GENERAL INFORMATION
fixed length control field 191128s2018 CK gr 000 0dspa d
020 ## - INTERNATIONAL STANDARD BOOK NUMBER
International Standard Book Number 9789585477254
040 ## - CATALOGING SOURCE
Original cataloging agency CO-JMCR
Transcribing agency CO-JMCR
041 0# - LANGUAGE CODE
Language code of text/sound track or separate title spa
082 04 - DEWEY DECIMAL CLASSIFICATION NUMBER
Classification number 305.42 /
Item number D141e
100 1# - MAIN ENTRY--PERSONAL NAME
Personal name D'Alessandro, Mercedes,
Relator term autora
9 (RLIN) 3761
245 10 - TITLE STATEMENT
Title Economía feminista :
Remainder of title las mujeres, el trabajo y el amor /
Statement of responsibility, etc. Mercedes D'Alessandro
250 ## - EDITION STATEMENT
Edition statement Segunda edición
260 ## - PUBLICATION, DISTRIBUTION, ETC.
Place of publication, distribution, etc. Bogotá :
Name of publisher, distributor, etc. Penguin Random House,
Date of publication, distribution, etc. 2018
300 ## - PHYSICAL DESCRIPTION
Extent 234 páginas ;
Dimensions 23 cm.
490 0# - SERIES STATEMENT
Series statement No ficción
504 ## - BIBLIOGRAPHY, ETC. NOTE
Bibliography, etc. note Bibliográfia: páginas 225-234.
505 ## - FORMATTED CONTENTS NOTE
Formatted contents note Las mujeres ganan menos que los hombres -- Amas de casa desesperadas -- Madres al borde de un ataque de nervios -- La pobreza es sexista -- La barbie CEO de cristal -- Las mujeres al poder -- Alicia en el país de las maravillas
520 ## - SUMMARY, ETC.
Summary, etc. Economía feminista propone, basándose en evidencias estadísticas, una mirada que cuestiona la economía como ciencia y plantea nuevas dimensiones a las viejas disputas sobre desigualdad y pobreza, al tiempo que aporta ideas para construir una sociedad.
650 14 - SUBJECT ADDED ENTRY--TOPICAL TERM
Topical term or geographic name entry element Feminismo
9 (RLIN) 3762
650 24 - SUBJECT ADDED ENTRY--TOPICAL TERM
Topical term or geographic name entry element Economía feminista
9 (RLIN) 3763
650 24 - SUBJECT ADDED ENTRY--TOPICAL TERM
Topical term or geographic name entry element Mujeres en el desarrollo Mujeres
9 (RLIN) 3764
650 24 - SUBJECT ADDED ENTRY--TOPICAL TERM
Topical term or geographic name entry element Condiciones económicas
9 (RLIN) 3765
942 ## - ADDED ENTRY ELEMENTS (KOHA)
Source of classification or shelving scheme Dewey Decimal Classification
Koha item type Books
Existencias
Withdrawn status Lost status Source of classification or shelving scheme Materials specified (bound volume or other part) Damaged status Not for loan Home library Current library Shelving location Date acquired Source of acquisition Cost, normal purchase price Total Checkouts Total Renewals Full call number Barcode Date last seen Date last checked out Copy number Price effective from Koha item type
    Dewey Decimal Classification Donación--10/12/2018--     Biblioteca Pública José María del Castillo y Rada Biblioteca Pública José María del Castillo y Rada General Stacks 11/28/2019 Donación 0.00 8 1 305.42 / D141e 201809240 04/06/2026 04/06/2026 Ej.1 11/28/2019 Books